000 00842cab a2200277 4500
001 ABS53183
008 090401t1995 xxu||||| |||| 00| 0 eng d
035 _a(Sirsi) u2553
041 _aeng
245 _aOffice politic
260 _c1995
350 _a0
490 _aBuilding
_v260(7901) 21 July 1995, 40-4(2)
520 _aReviews the British Council of Offices` "Specification for urban offices", which recommends measures, which cut building and running costs.
650 _aBRITISH COUNCIL FOR OFFICES
650 _aBUILT ENVIRONMENT-BUILDING COSTS
650 _aFLOOR LOADING
650 _aOFFICE DESIGN
650 _aOFFICES
650 _aREDUCTION
650 _aSPECIFICATION
690 _aBUILT ENVIRONMENT-BUILDING COSTS
690 _aBUILT ENVIRONMENT-CONSTRUCTION DESIGN
942 _n0
948 _c04/03/1997
999 _c1537
_d1537